000 00978nmm a2200301 a 4500
001 ocm0002016428
003 TR-IsHL
005 20201028180851.0
008 181222s2015 tu tur
007 cr cn
020 _a9786053844792
035 _a2016428
_b(N$T)
050 0 4 _aPZ7.V835
_bS319 2015
090 0 4 _aPZ7.V835
_bS319 2015
100 1 _aVivian, Siobhan
245 1 0 _aBenim en iyi arkadaşım
_h[electronic resource] /
_cSiobhan Vivian ; çeviren Çiğdem Dirhemsiz
250 _a5. Baskı
260 _aİstanbul :
_bSonsuz Kitap,
_c2015
300 _a319 p.
500 _aÖzgün adı : Same Difference
650 4 _aDil ve Edebiyat
650 4 _aLanguage and Literature
650 0 _aAmerikan Romanı
650 0 _aAmerican fiction
650 7 _aLITERARY COLLECTIONS / American / General
_2bisacsh
700 1 _aDirhemsiz, Çiğdem
856 4 0 _uhttp://search.ebscohost.com/login.aspx?direct=true&scope=site&db=e011xww&AN=2016428
999 _c19340
_d19340